000 00540nam a2200169Ia 4500
008 100406t1992 xxu||||| |||| 00| 0 sin d
041 _asin
080 _a82.09
_bWIC
100 _aWickramasingha, Martin
245 _aමාර්ටින් වික්‍රමසිංහ කෘති එකතුව 11
246 _aMartin Wickramasingha Kruthi Ekathuva 11 ( LIB / 63 / 6 / 25 )
260 _bThisara
_aDehiwala
_c1992
300 _a679p., 21 cm
942 _cBK
999 _c70808
_d70808
003 LK-CoDNM
040 _aLK-CoDNM
_dLK-CoDNM
_eLK-CoDNM